Caudillismo y estructura social en América Latina (Un estudio del caso dominicano) / (Record no. 15512)
[ view plain ]
| 000 -LEADER | |
|---|---|
| campo de control de longitud fija | 01709cam a2200229 4500 |
| 001 - NÚMERO DE CONTROL | |
| campo de control | 2082 |
| 005 - FECHA Y HORA DE LA ÚLTIMA TRANSACCIÓN | |
| campo de control | 20230410101907.0 |
| 008 - DATOS DE LONGITUD FIJA--INFORMACIÓN GENERAL | |
| campo de control de longitud fija | 060907n1994 dr spa |
| 035 ## - NÚMERO DE CONTROL DEL SISTEMA | |
| -- | funglode2090 |
| 041 ## - CÓDIGO DE IDIOMA | |
| Código de lengua del texto/banda sonora o título independiente | spa |
| 050 14 - SIGNATURA TOPOGRÁFICA DE LA BIBLIOTECA DEL CONGRESO | |
| Número de clasificación | 118 F 1938 |
| Número de ítem | C639c 1994 |
| 082 00 - NÚMERO DE LA CLASIFICACIÓN DECIMAL DEWEY | |
| Número de clasificación | 306.24097293 |
| 100 1# - ENTRADA PRINCIPAL--NOMBRE DE PERSONA | |
| Nombre de persona | Clime, Danilo P. |
| 245 10 - MENCIÓN DEL TÍTULO | |
| Título | Caudillismo y estructura social en América Latina (Un estudio del caso dominicano) / |
| Mención de responsabilidad, etc. | Danilo P. Clime |
| 260 ## - PUBLICACIÓN, DISTRIBUCIÓN, ETC. | |
| Lugar de publicación, distribución, etc. | [Santo Domingo, Dominican Republic] : |
| Nombre del editor, distribuidor, etc. | Ediciones del Instituto para el Estudio de la Conducta Política, |
| Fecha de publicación, distribución, etc. | 1994 [i.e. 1996] |
| 300 ## - DESCRIPCIÓN FÍSICA | |
| Extensión | ii, 511 p. ; |
| Dimensiones | 22 cm. |
| 520 ## - RESUMEN, ETC. | |
| Sumario, etc. | El fenómeno caudillista en la historia social universal, 23. -- Algunos elementos característicos en las estructuras caudillistas, 31. -- Las estructuras sociales latinoamericanas y el fenómeno caudillista, 35. -- En torno a las raíces estructurales del fenómeno, 39. -- Rasgos distintivos del proceso de dominación caudillista, 59. -- Elementos para una construcción tipológica de la domininación caudillista, 71. -- Análisis específicos de los tipos particulares y su expresión en el proceso histórico social y político dominicano, 97. -- Análisis específicos de los tipos particulares y su expresión en el proceso histórico social y político dominicano, 127. -- La estructura social algunas reflexiones previas a las conclusiones, 387. -- A manera de colofón factores esenciales que permiten la sobrevivencia y solidez del proceso de dominación caudillista, 485 |
| 651 #0 - PUNTO DE ACCESO ADICIONAL DE MATERIA--NOMBRE GEOGRÁFICO | |
| Nombre geográfico | Dominican Republic |
| Subdivisión general | Politics and government. |
| 650 #0 - PUNTO DE ACCESO ADICIONAL DE MATERIA--TÉRMINO DE MATERIA | |
| Término de materia o nombre geográfico como elemento de entrada | Social structure |
| Subdivisión geográfica | Dominican Republic |
| Subdivisión general | History. |
| 650 #0 - PUNTO DE ACCESO ADICIONAL DE MATERIA--TÉRMINO DE MATERIA | |
| Término de materia o nombre geográfico como elemento de entrada | Caudillos |
| Subdivisión geográfica | Dominican Republic |
| Subdivisión general | History. |
| 942 ## - ELEMENTOS DE ENTRADA SECUNDARIOS (KOHA) | |
| Fuente del sistema de clasificación o colocación | Clasificación de Library of Congress |
| Tipo de ítem Koha | |
| Estatus retirado | Estado de pérdida | Fuente del sistema de clasificación o colocación | Estado de daño | No para préstamo | Colección | Biblioteca de origen | Biblioteca actual | Ubicación en estantería | Fecha de adquisición | Serial enumeration / chronology | Signatura topográfica completa | Código de barras | Visto por última vez | Copia número | Tipo de ítem Koha |
|---|---|---|---|---|---|---|---|---|---|---|---|---|---|---|---|
| Clasificación de Library of Congress | Recursos Regionales | Biblioteca Juan Bosch | Biblioteca Juan Bosch | Recursos Regionales (2do. Piso) | 23/10/2018 | 1 | 118 F 1938 C639c 1994 | 00000002883 | 23/10/2018 | 1 |
